Movies Quiz

Random Movies or Clickable Quiz

Click the correct missing movie title word (2017) Quiz Stats

 Plays Quiz not verified by Sporcle

Support Sporcle.
Go Orange.
Score 0/30 Timer 06:00
0 Plays Today
% Correct
Despicable
95.8%
Beauty
95.8%
Galaxy
95.8%
Murder
94.4%
LEGO
94.4%
Pirates
94.4%
Furious
94.4%
Jedi
93%
League
93%
Island
93%
Home
91.5%
Driver
91.5%
Welcome
91.5%
Rangers
91.5%
Wonder
90.1%
% Correct
Watch
88.7%
Runner
88.7%
Get
88.7%
War
88.7%
Alien
88.7%
Thor
87.3%
Spider
87.3%
Golden
87.3%
Creation
87.3%
American
84.5%
Storm
80.3%
City
73.2%
Knight
64.8%
Lucky
62%
Tower
60.6%

You're not logged in!

Compare scores with friends on all Sporcle quizzes.
OR
Log In

From the Vault

Click the 'S' Star Wars Characters

by Flick

We all know who shot first.
Remove Ads.
Support Sporcle.
Get the best of Sporcle when you Go Orange. This ad-free experience offers more features, more stats, and more fun while also helping to support Sporcle. Thank you for becoming a member.

Show Comments

Extras

Created Nov 26, 2017ReportNominate
Tags:Clickable Quiz, 2017

Top Quizzes Today


Score Distribution

Your Account Isn't Verified!

In order to create a playlist on Sporcle, you need to verify the email address you used during registration. Go to your Sporcle Settings to finish the process.

Report this User

Report this user for behavior that violates our Community Guidelines.

Details: